00165nam a2200061Ia 4500008004100000100001500041245004700056120527s9999 xx 000 0 und d aRoesel, E. aImmunology : a self-instructional approach